000 00419nam a2200145Ia 4500
008 230917s9999||||xx |||||||||||||| ||und||
040 _e4333
_aMAIN
041 _aEnglish
082 _a332.46 D541I
100 _aDiamond, James J. ed.
245 0 _aIssues in fiscal and monetary policy: the electric econometric views the controversy
260 _aChicago
_bDepaul University
_c1971
300 _a91 p.
942 _cBK
999 _c212685
_d212685